Environmental engineering (Record no. 5357)

000 -LEADER
fixed length control field 00678nam a2200241 4500
001 - CONTROL NUMBER
control field 5357
003 - CONTROL NUMBER IDENTIFIER
control field BD-DhUET
008 - FIXED-LENGTH DATA ELEMENTS--GENERAL INFORMATION
fixed length control field 141126b xxu||||| |||| 00| 0 eng d
020 ## - INTERNATIONAL STANDARD BOOK NUMBER
International Standard Book Number 0071002316
040 ## - CATALOGING SOURCE
Transcribing agency 0
Modifying agency BD-DhUET
082 ## - DEWEY DECIMAL CLASSIFICATION NUMBER
Classification number 628
Item number PEA/1985
100 ## - MAIN ENTRY--PERSONAL NAME
Personal name Peavy, Howard S
245 ## - TITLE STATEMENT
Title Environmental engineering
250 ## - EDITION STATEMENT
Edition statement 1st ed.
260 ## - PUBLICATION, DISTRIBUTION, ETC. (IMPRINT)
Place of publication, distribution, etc. New york
Name of publisher, distributor, etc. McGraw-Hill
Date of publication, distribution, etc. 1985
300 ## - PHYSICAL DESCRIPTION
Extent xiv,699 p.+various paging
Other physical details ill.
490 ## - SERIES STATEMENT
Series statement McGraw-Hill series in water resources and environmental engineering
504 ## - BIBLIOGRAPHY, ETC. NOTE
Bibliography, etc Includes bibliographies
650 #0 - SUBJECT ADDED ENTRY--TOPICAL TERM
Topical term or geographic name as entry element Environmental engineering
700 ## - ADDED ENTRY--PERSONAL NAME
Personal name Rowe, Donald R.
700 ## - ADDED ENTRY--PERSONAL NAME
Personal name Tchobanoglous, George
942 ## - ADDED ENTRY ELEMENTS (KOHA)
Koha item type General Book
Holdings
Copy number Not for loan Location (home branch) Shelving location Withdrawn status Koha renewals Koha normalized classification for sorting Koha issues (times borrowed) Koha date last seen Lost status Koha date last borrowed Koha full call number Damaged status Sublocation or collection (holding branch) Koha item type Date acquired Source of classification or shelving scheme Piece designation (barcode) Price effective from
1 Central Library, BUETCirculation section  628PEA198592024-09-08 2023-12-10628/PEA/1985 Central Library, BUETGeneral Book2014-11-26 818962014-11-26
2 Central Library, BUETCirculation section  628PEA1985102024-06-02 2024-03-16628/PEA/1985 Central Library, BUETGeneral Book2014-11-26 818952014-11-26
3 Central Library, BUETReading section  628_000000000000000_PEA_1985 2015-06-18  628/PEA/1985 Central Library, BUETReading Item2015-06-18 887882015-06-18
4 Central Library, BUETReading section  628_000000000000000_PEA_1985 2015-06-18  628/PEA/1985 Central Library, BUETReading Item2015-06-18 875792015-06-18
5 Central Library, BUETCirculation section  628_000000000000000_PEA_198522021-11-13 2020-03-16628/PEA/1985 Central Library, BUETGeneral Book1991-10-28 818942017-10-31
ক-৫১ Central Library, BUETRental section  628_000000000000000_PEA_1985 2024-12-01  628 PEA/1985 Central Library, BUETRental Item1991-10-28 818472024-12-01
ক-৭৮ Central Library, BUETRental section  628_000000000000000_PEA_1985 2024-12-01  628 PEA/1985 Central Library, BUETRental Item1991-10-28 818742024-12-01
ক-৭৯ Central Library, BUETRental section  628_000000000000000_PEA_1985 2024-12-01  628 PEA/1985 Central Library, BUETRental Item1991-10-28 818752024-12-01
ক-৮০ Central Library, BUETRental section  628_000000000000000_PEA_1985 2024-12-01  628 PEA/1985 Central Library, BUETRental Item1991-10-28 818762024-12-01
ক-৮১ Central Library, BUETRental section  628_000000000000000_PEA_1985 2024-12-01  628 PEA/1985 Central Library, BUETRental Item1991-10-28 818772024-12-01
ক-৮২ Central Library, BUETRental section  628_000000000000000_PEA_1985 2024-12-01  628 PEA/1985 Central Library, BUETRental Item1991-10-28 818782024-12-01
ক-৮৩ Central Library, BUETRental section  628_000000000000000_PEA_1985 2024-12-01  628 PEA/1985 Central Library, BUETRental Item1991-10-28 818792024-12-01
ক-৮৪ Central Library, BUETRental section  628_000000000000000_PEA_1985 2024-12-01  628 PEA/1985 Central Library, BUETRental Item1991-10-28 818802024-12-01
ক-৮৫ Central Library, BUETRental section  628_000000000000000_PEA_1985 2024-12-01  628 PEA/1985 Central Library, BUETRental Item1991-10-28 818812024-12-01
ক-৮৬ Central Library, BUETRental section  628_000000000000000_PEA_1985 2024-12-01  628 PEA/1985 Central Library, BUETRental Item1991-10-28 818822024-12-01
ক-৮৭ Central Library, BUETRental section  628_000000000000000_PEA_1985 2024-12-01  628 PEA/1985 Central Library, BUETRental Item1991-10-28 818832024-12-01
ক-৮৭ Central Library, BUETRental section  628_000000000000000_PEA_1985 2024-12-01  628 PEA/1985 Central Library, BUETRental Item1991-10-28 818842024-12-01